000 00918cam a2200229 4500
001 ABS66771
008 030605n2003 000 0 eng u
035 _a(Sirsi) u122527
100 _aWason, A.
245 _aWar: what is it good for?
260 _c2003
490 _aEstates Gazette
_v(0318) 3 May 2003, 50-52(3)
520 _aDiscusses the oppportunites which have emerged due to the reconstruction of Iraq's cities after the war. Warns that chances for real estate firms to redevelop the area may be hindered by the political instability of the region and the need to support the humanitarian efforts taking place, but nevertheless investment activity is expected to increase.
590 _aABS
650 _aIRAQ
650 _aWAR DAMAGE
650 _aRECONSTRUCTION
650 _aREDEVELOPMENT
650 _aINVESTMENT OPPORTUNITIES
690 _aBUILDING AND CONSTRUCTION-PROJECTS
942 _n0
999 _c72829
_d72829